| 000 | 00889nam a2200253Ia 4500 | ||
|---|---|---|---|
| 003 | OSt | ||
| 005 | 20220923231029.0 | ||
| 006 | a|||||r|||| 00| 0 | ||
| 007 | ta | ||
| 008 | 220922b |||||||| |||| 00| 0 pan d | ||
| 020 | _c345 | ||
| 024 | _a354,953 | ||
| 037 |
_b1389, 25/12/2021, H.K. Prakashan _cTextual |
||
| 040 |
_aARTS _cARTS _bpan |
||
| 041 |
_2pan _apan |
||
| 082 | _aV58:51, 153R0 | ||
| 100 |
_aਸਟਲ, ਐ੍ਵਟਨੀ ਸੀ, ਂਚ. _9169286 |
||
| 245 | 0 | _aਵਾਲ ਸਟ੍ਰੀਟ ਅਤੇ ਬਾਲFਵਿਕ ਕ੍ਰਾਂਤੀ | |
| 260 |
_aਦਿੱਲੀ _b ਰੀਖਿੰਕ ਪਬਲੀFਰੂਗ਼ _c2020 |
||
| 300 |
_a297ਪ੍ਰ0 _ccm. |
||
| 650 |
_aਇਤਿਹਾਸ _9156320 |
||
| 942 |
_hV58:51, 153R0 _cTEXL _2CC |
||
| 999 |
_c388898 _d388898 |
||